Estadísticas para Top 50 Países por Población- En Orden

Haz click aquí para tomar la prueba!

Estadísticas generales

  • Esta prueba ha sido tomada 2,685 veces
  • La puntuación promedio es 23 de 50

Estadísticas de respuestas

Población País % Correcto
1,376 milChina
100%
1,288 milIndia
99%
323 milEstados Unidos
98%
259 milIndonesia
92%
206 milBrasil
92%
147 milRusia
85%
127 milJapón
83%
193 milPakistán
79%
187 milNigeria
77%
122 milMéxico
75%
66.6 milFrancia
73%
81.5 milAlemania
71%
103 milFilipinas
67%
91.7 milVietnam
66%
160 milBangladés
65%
60.7 milItalia
63%
46.4 milEspaña
61%
92.2 milEtiopía
56%
78.7 milTurquía
50%
90.8 milEgipto
49%
47.3 milKenia
47%
43.6 milArgentina
47%
79.2 milIrán
47%
65.1 milReino Unido
46%
65.3 milTailandia
43%
48.6 milColombia
42%
42.7 milUcrania
39%
31.0 milVenezuela
37%
27.5 milYemen
36%
85.0 milRepública Democrática
del Congo
35%
38.5 milPolonia
33%
55.2 milTanzania
32%
55.0 milSudáfrica
31%
51.6 milCorea del Sur
28%
31.5 milPerú
27%
36.0 milCanadá
25%
34.9 milUganda
24%
36.6 milIrak
20%
40.4 milArgelia
20%
54.4 milBirmania
19%
39.6 milSudán
19%
31.6 milUzbekistán
17%
33.3 milMarruecos
14%
27.7 milGhana
14%
32.2 milArabia Saudita
13%
30.9 milMalasia
13%
28.4 milNepal
9%
25.9 milAngola
9%
27.1 milAfganistán
8%
26.4 milMozambique
6%

Distribución de puntuación

Porcentaje por número respondido

Porcentaje de gente con cada puntuación

Historial de tus puntuaciones

No has tomado esta prueba